00703 2200265 4500001002100000005001500021035002000036007000300056008004100059020001800100082001000118084001600128100001800144245011100162250001100273260003800284300003500322650001400357990001100371990001100382990001100393990001100404990001100415990001100426INLIS00000000000123920180113012137 a0010-0118000057ta180113 0  a979-25-4510-7 a150.1 a150.1 BOE g0 aBoeree,George1 aGeneral Psycholog :bPsikologi Kepribadian, Persepsi, kognisi, emosi, dan Perilaku /cDr. C. George Boeree acet. 3 aYogyakarta :bPrismasophie,c2016 a520 hlm :b.ilus ;c14 x 21 cm aPsikologi a5736 A a5736 B a5736 B a5736 A a5736 A a5736 B